|
|
|
|
| LEADER |
00000nab a2200000 a 4500 |
| 001 |
vtls011553755 |
| 003 |
SK-MaSNL |
| 005 |
20260304013358.0 |
| 008 |
160519 2016 xo m p 000 0 cze |
| 015 |
|
|
|a SNBRB2016/05
|2 lmaosk
|
| 040 |
|
|
|a LMAOSK
|b slo
|c LMAOSK
|e AACR2
|
| 041 |
0 |
|
|a cze
|
| 044 |
|
|
|a xo
|c SK
|
| 080 |
|
|
|a 355.353(091)
|2 2011
|
| 080 |
|
|
|a (739.4)
|2 2011
|
| 080 |
|
|
|a (046)
|2 2011
|
| 100 |
1 |
|
|a Rovenský, Dušan
|4 aut
|9 402275
|
| 245 |
1 |
0 |
|a Honda Point
|b největší nehoda v historii US Navy
|c Dušan Rovenský
|
| 300 |
|
|
|b Fotogr.
|
| 500 |
|
|
|a Obsahuje technické údaje.
|
| 650 |
0 |
7 |
|a vojenské námorníctvo
|2 SNKPH
|9 68560
|
| 650 |
0 |
7 |
|a námorné katastrofy
|2 LMAOSK
|9 647172
|
| 651 |
|
7 |
|a Kalifornia
|2 SNKPHgeo
|9 56238
|
| 655 |
|
7 |
|a články
|2 SNKPH
|9 70601
|
| 773 |
0 |
|
|t ATM
|g Roč. 48, č. 5 (2016), s. 74-76
|x 1802-4823
|
| 852 |
|
|
|a LMAOSK
|b KIS3GCP
|
| 958 |
|
|
|a NB
|
| 999 |
|
|
|c 2575584
|d 2577514
|